Obálka Náhled e-knihy:
PDF Epub
Pro půjčování e-knih musíte být přihlášeni.
Jak si půjčit online?

Ňouma z áčka /

Příběh o čtvrťákovi, trochu nešikovném a bojácném Toníkovi, který se snaží vyrovnat svým spolužákům a dostat se do jejich party.

Uloženo v:
Série:Má to háček, část 4
Hlavní autor: Březinová, Ivona, 1964- (Autor)
Další autoři: Mastníková, Anna, 1987- (Autor)
Médium: E-kniha
Jazyk:Czech
Vydáno: V Praze : Albatros : Pasparta, 2025
Vydání:2. vydání
Edice:Má to háček
Témata:
On-line přístup:Tematické pracovní listy ke stažení na
Tematické pracovní listy ke stažení na
Příbuzné jednotky:Z cyklu:: Má to háček
Tagy:
Žádné tagy
LEADER 02946nam a2200589 i 4500
001 312746
003 CZ PrSKC
005 20260601215728.0
007 ta
008 250610s2025 xr a b 000 j cze
015 |a cnb003689324 
020 |a 9788000077864  |q (Albatros ;  |q vázáno) :  |c Kč 269,00 
020 |z 978-80-88290-05-6  |q (Pasparta ;  |q vázáno) :  |c Kč 269,00 
035 |a (OCoLC)1531363374 
040 |a BOA001  |b cze  |e rda 
072 7 |a 821.162.3-3  |x Česká próza  |2 Konspekt 
072 7 |a 821-93  |x Literatura pro děti a mládež (beletrie)  |2 Konspekt 
080 |a 821.162.3-32  |2 MRF 
080 |a 821-93  |2 MRF 
080 |a 364.624.4  |2 MRF 
080 |a (0:82-32)  |2 MRF 
080 |a (0:82-321.7)  |2 MRF 
100 1 |a Březinová, Ivona,  |d 1964-  |7 jn19990218010  |4 aut 
245 1 0 |a Ňouma z áčka /  |c Ivona Březinová ; ilustrovala Anna Mastníková 
250 |a 2. vydání 
264 1 |a V Praze :  |b Albatros :  |b Pasparta,  |c 2025 
300 |a 78 stran :  |b barevné ilustrace ;  |c 21 cm 
336 |a text  |b txt  |2 rdacontent 
337 |a bez média  |b n  |2 rdamedia 
338 |a svazek  |b nc  |2 rdacarrier 
490 1 |a Má to háček 
520 2 |a Příběh o čtvrťákovi, trochu nešikovném a bojácném Toníkovi, který se snaží vyrovnat svým spolužákům a dostat se do jejich party.  |b Toník má ve své třídě pozici otloukánka a nikdo s ním moc nepočítá. Při každé lumpárně je však tím, na kterého se všechno svede. Toník je ale statečný, nikdy nezradí partu a jednoho dne, když si ostatní neví rady a je opravdu zle, dokáže, že není vůbec žádný ňouma. 
521 8 |a Pro čtenáře od 8 let 
650 0 7 |a sociální izolace  |7 ph120408  |2 czenas 
650 0 9 |a social isolation  |2 eczenas 
655 7 |a české příběhy  |7 fd133973  |2 czenas 
655 7 |a publikace pro děti  |7 fd133156  |2 czenas 
655 7 |a didaktické příběhy  |7 fd132016  |2 czenas 
655 9 |a Czech stories  |2 eczenas 
655 9 |a children's literature  |2 eczenas 
655 9 |a didactic stories  |2 eczenas 
700 1 |a Mastníková, Anna,  |d 1987-  |7 xx0188955  |4 ill 
787 0 8 |i Z cyklu:  |t Má to háček  |g 4 
830 0 |a Má to háček 
856 4 2 |u http://www.pasparta.cz$uhttp://www.kmc.cz/metodicke-materialy/  |y Tematické pracovní listy ke stažení na  |4 N 
856 4 2 |u http://www.pasparta.cz  |u http://www.kmc.cz/metodicke-materialy/  |y Tematické pracovní listy ke stažení na  |4 N 
900 |a ABA001  |b 19 
928 9 |a Albatros Media - Albatros 
044 |a xr 
910 |a RBIT002 
998 |d 420922  |a https://core.palmknihy.cz/api/books/420922/cover?sxsgmt  |b https://core.palmknihy.cz/api/books/420922/cover/400?sxsgmt  |c https://core.palmknihy.cz/api/books/420922/cover/50?sxsgmt  |e 2035-12-31  |g 80  |i 9788000077864  |j https://core.palmknihy.cz/api/books/420922/preview.epub  |k https://core.palmknihy.cz/api/books/420922/preview.pdf  |l   |q 49  |r 1  |s https://www.palmknihy.cz/kniha/420922  |t ebook  |y 2025  |z 0 
999 |d 312744